000
nam a22 7a 4500
999
_c
43774
_d
43774
003
OSt
005
20180220144402.0
008
180220b xxu||||| |||| 00| 0 eng d
040
_c
IIMT
100
_a
SINGH,AVTAR
245
_a
CONTRACT & SPECIFIC RELIEF
260
_a
LUCKNOW
_b
EASTERN BOOK COMPANY
_c
2017
300
_a
984
942
_2
ddc
_c
02